<?xml version="1.0" encoding="UTF-8"?><?xml-stylesheet type="text/xsl" href="static/style.xsl"?><OAI-PMH xmlns="http://www.openarchives.org/OAI/2.0/" xmlns:xsi="http://www.w3.org/2001/XMLSchema-instance" xsi:schemaLocation="http://www.openarchives.org/OAI/2.0/ http://www.openarchives.org/OAI/2.0/OAI-PMH.xsd"><responseDate>2026-06-01T16:24:22Z</responseDate><request verb="GetRecord" identifier="oai:riuma.uma.es:10630/23550" metadataPrefix="marc">https://riuma.uma.es/rest/oai/request</request><GetRecord><record><header><identifier>oai:riuma.uma.es:10630/23550</identifier><datestamp>2026-02-03T10:22:26Z</datestamp><setSpec>com_10630_1685</setSpec><setSpec>col_10630_38055</setSpec></header><metadata><record xmlns="http://www.loc.gov/MARC21/slim" xmlns:dcterms="http://purl.org/dc/terms/" xmlns:doc="http://www.lyncode.com/xoai" xmlns:xsi="http://www.w3.org/2001/XMLSchema-instance" xsi:schemaLocation="http://www.loc.gov/MARC21/slim http://www.loc.gov/standards/marcxml/schema/MARC21slim.xsd">
   <leader>00925njm 22002777a 4500</leader>
   <datafield ind2=" " ind1=" " tag="042">
      <subfield code="a">dc</subfield>
   </datafield>
   <datafield ind2=" " ind1=" " tag="720">
      <subfield code="a">Valderrama Santiago, Pablo</subfield>
      <subfield code="e">author</subfield>
   </datafield>
   <datafield ind2=" " ind1=" " tag="260">
      <subfield code="c">2021-09</subfield>
   </datafield>
   <datafield ind2=" " ind1=" " tag="520">
      <subfield code="a">Machine Learning Model Operationalization Management (MLOps) &#xd;
constituye una metodología de trabajo orientada al desarrollo de &#xd;
modelos de predicción basados en algoritmos de Machine Learning. &#xd;
Esta metodología está conformada por un conjunto exhaustivo de &#xd;
principios, recomendaciones, directrices y buenas prácticas enfocadas en &#xd;
el abordaje metodológico del desarrollo de modelos de Machine &#xd;
Learning desde su experimentación inicial hasta su puesta en &#xd;
producción. Para alcanzar este objetivo, esta metodología propone una &#xd;
división del desarrollo de estos proyectos en 4 fases consecutivas. Estas &#xd;
fases comprenden las tareas de desarrollo de modelos, preparación de &#xd;
los modelos para el despliegue en producción, el despliegue en &#xd;
producción y la monitorización de los modelos desplegados. Este &#xd;
Trabajo de Fin de Grado explora de forma teórica este conjunto de &#xd;
principios metodológicos estudiando cada una de las fases de desarrollo &#xd;
propuestas. De forma paralela, se aborda el desarrollo de un modelo de &#xd;
predicción de Machine Learning para la predicción de consumos &#xd;
energéticos horarios individuales y su puesta en producción. En este &#xd;
desarrollo se adoptará MLOps para llevar a cabo el entrenamiento de &#xd;
modelos basados en RandomForest y K-Means, el diseño de un código &#xd;
para dar ejecución a estos modelos, el diseño de imágenes para su &#xd;
contenerización y su despliegue en un clúster de Kubernetes</subfield>
   </datafield>
   <datafield ind1="8" ind2=" " tag="024">
      <subfield code="a">https://hdl.handle.net/10630/23550</subfield>
   </datafield>
   <datafield tag="653" ind2=" " ind1=" ">
      <subfield code="a">Aprendizaje automático (Inteligencia artificial)</subfield>
   </datafield>
   <datafield tag="653" ind2=" " ind1=" ">
      <subfield code="a">Grado en Ingeniería Informática - Trabajos Fin de Grado</subfield>
   </datafield>
   <datafield tag="653" ind2=" " ind1=" ">
      <subfield code="a">Informática - Trabajos Fin de Grado</subfield>
   </datafield>
   <datafield ind2="0" ind1="0" tag="245">
      <subfield code="a">MLOps para el desarrollo y puesta en producción de modelos de Machine Learning</subfield>
   </datafield>
</record>
</metadata></record></GetRecord></OAI-PMH>